Úloha a možnosti státního dozoru nad pojišťovnictvím v České republice
Rozhovor s vedúcou oddelenia poisťovníctva MF ČR. Náplň a kompetencie oddelenia. Štátny dozor nad poisťovníctvom a poisťovňami v ČR. Vliv a právomoci dozorných orgánov na činnosť maklérskych a jednotlivých maklérov. Zodpovednosť maklérov resp. sprostredkovateľov poistenia za prípadné chybné rozhodnu...
Enregistré dans:
| Auteur principal: | |
|---|---|
| Autres auteurs: | |
| Format: | Chapitre de livre |
| Langue: | tchèque |
| Sujets: | |
| Tags: |
Pas de tags, Soyez le premier à ajouter un tag!
|
MARC
| LEADER | 00000naa a2200000 4500 | ||
|---|---|---|---|
| 001 | r015227 | ||
| 005 | 20221213082944.8 | ||
| 041 | 0 | |a cze | |
| 044 | |a CZ | ||
| 245 | 1 | 0 | |a Úloha a možnosti státního dozoru nad pojišťovnictvím v České republice |c M. Zemanová, E. Trojanová |
| 520 | |a Rozhovor s vedúcou oddelenia poisťovníctva MF ČR. Náplň a kompetencie oddelenia. Štátny dozor nad poisťovníctvom a poisťovňami v ČR. Vliv a právomoci dozorných orgánov na činnosť maklérskych a jednotlivých maklérov. Zodpovednosť maklérov resp. sprostredkovateľov poistenia za prípadné chybné rozhodnutia. Vzťah štátneho dozoru nad poisťovníctvom a Českou asociáciou poisťovní. Stav a vývoj tzv. monopolu niektorých poisťovní pokiaľ sa týka zákonného poistenia. Vyhláška č. 259/91 Sb. o hospodárení s fondami. | ||
| 610 | 2 | 0 | |a poisťovne |
| 610 | 2 | 0 | |a poisťovníctvo |
| 610 | 2 | 0 | |a Česko |
| 610 | 2 | 0 | |a dozor štátny |
| 610 | 2 | 0 | |a makléri |
| 610 | 2 | 0 | |a poistenie |
| 100 | 1 | |a Zemanová, M. | |
| 700 | 1 | |a Trojanová, E. | |